000 00241nam a2200097Ia 4500
008 190216s9999||||xx |||||||||||||| ||und||
100 _aAravindakshan V
245 0 _aMalayalam-Mooladhanam Oru Mughavura
260 _bCurrent Books
942 _cBK
999 _c30295
_d30295